Statistics for Etta James Discography

Click here to take the quiz!

General Stats

  • This quiz has been taken 4 times
  • The average score is 7 of 49

Answer Stats

YearNameType% Correct
1960At Last!Album
67%
1973Etta JamesAlbum
67%
1962Etta JamesAlbum
67%
1968Tell MamaAlbum
67%
1987Blues in the Night Volume One: The Early ShowLive Album
33%
1966Call My NameAlbum
33%
1980ChangesAlbum
33%
1974Come a Little CloserAlbum
33%
1978Deep in the NightAlbum
33%
1976Etta Is Betta Than Evvah!Album
33%
1971Losers WeepersAlbum
33%
1989Seven Year ItchAlbum
33%
1990Stickin' to My GunsAlbum
33%
1965The Queen of SoulAlbum
33%
1992The Right TimeAlbum
33%
1961The Second Time AroundAlbum
33%
199812 Songs of ChristmasHoliday Album
0%
199920th Century Masters: The Millennium CollectionCompilation
0%
2006All the WayAlbum
0%
2001Blue GardeniaAlbum
0%
2007Blues From The Big AppleLive Album
0%
2004Blues to the BoneAlbum
0%
2002Burnin' Down the House: Live at the House of BluesLive Album
0%
1964Etta James Rock the HouseLive Album
0%
1962Etta James Sings for LoversAlbum
0%
1970Etta James Sings FunkAlbum
0%
1963Etta James Top TenAlbum
0%
2007GoldCompilation
0%
1999Heart of a WomanAlbum
0%
2011Heart & Soul: A RetrospectiveCompilation
0%
1997Her BestCompilation
0%
1986Jazzvisions: Jump The Blues AwayLive Album
0%
2003Let's RollAlbum
0%
1998Life, Love & the BluesAlbum
0%
1994Live from San FranciscoLive Album
0%
1997Love's Been Rough on MeAlbum
0%
2001Love SongsCompilation
0%
2000Matriarch of the BluesAlbum
0%
2005Miss Etta James: The Complete Modern and Kent RecordingsCompilation
0%
1992My Greatest SongsCompilation
0%
1994Mystery Lady: Songs of Billie HolidayAlbum
0%
1982Red-Hot & LIveLive Album
0%
2000The Best of Etta JamesCompilation
0%
2000The Chess BoxCompilation
0%
2006The Definitive CollectionCompilation
0%
2011The DreamerAlbum
0%
1987The Late Show: Blues in the Night Volume TwoLive Album
0%
1995Time After TimeAlbum
0%
2011Who's Blue?: Rare Chess Recordings of the 60s and 70sCompilation
0%

Score Distribution

Percentile by Number Answered

Percent of People with Each Score

Your Score History

You have not taken this quiz